Patrimonio de las sociedades comerciales

Bibliographic Details
Main Author: Carvalho Betancur, Javier Alonso
Format: eBook
Language:Spanish
Published: Bogot:̀ ECOE, 2009
Subjects:
Online Access:Acceso restringido

MARC

LEADER 00000nam a22000007a 4500
005 20220211214549.0
007 cr|||| ||||
008 220211s2009 co |||||s|||| 00||0 spa d
020 |a 9789586486040 
035 |a 35883 
040 |a vLex 
090 |c 12965  |d 12965 
100 1 |a Carvalho Betancur, Javier Alonso 
245 1 0 |a Patrimonio de las sociedades comerciales  |h [Recurso electrn̤ico] /  |c Javier Alonso Carvalho Betancur 
256 |a Servicio en ln̕ea 
260 |a Bogot:̀  |b ECOE,  |c 2009 
300 |a 1 recurso electrn̤ico 
506 1 |a Disponible solo en los productos indicados  |d vLex Global  |d vLex Global (Academic Edition, excluding Law Schools)  |d vLex Global (U.S. Academic Edition, Law Schools)  |d vLex Global (U.S. Academic Edition, excluding Law Schools)  |d vLex Global (Academic Edition, Law Schools) 
650 0 4 |a Contabilidad  |z Colombia 
740 0 |a vLex Libros (Servicio en ln̕ea) 
856 4 0 |u https://app.vlex.com/#/sources/35883  |z Acceso restringido 
942 |c BOOK 
999 0 |a Accounting